00729nam a2200241 a 4500001001300000003000900013005001700022008004100039020002300080082001300103100001800116245006400134260002800198300000900226500003500235505002400270650001400294700001800308902000800326942000700334952012900341999001700470nice12345678IN_TiNIC20260116014212.0111116s2008 dela grp 000 0 eng  a9788178299198c52500a301bMOR aMorrison, Ken aMarx, Durkheim, Weberb Formations of Modern Social Thought aDelhi bSage Pub c2008 a465p aincludes index and biblioraphy2 aBibliography ,Index aSociology1 aMorrison, Ken bSRS cBK 001040708StackRoom-aHMIbHMId2012-11-26g525.00l5m1o301 MORp023720r2019-01-18s2019-01-17v525.00w2011-11-16yBK c14302d14302